Find the European Countries Ending in 'D' Quiz Stats

 Plays Quiz Updated Jun 12, 2018

Score 0/5 Timer 01:30
37 Plays Today
% Correct
Finland
90%
Ireland
89.7%
Iceland
88.2%
Poland
81%
Switzerland
71.7%

You're not logged in!

Compare scores with friends on all Sporcle quizzes.
OR
Log In

You Might Also Like...

Show Comments

Extras

Top Quizzes Today


Score Distribution

Your Account Isn't Verified!

In order to create a playlist on Sporcle, you need to verify the email address you used during registration. Go to your Sporcle Settings to finish the process.

Report this User

Report this user for behavior that violates our Community Guidelines.

Details: